| 000 | 00950nam a2200229 i 4500 | ||
|---|---|---|---|
| 001 | 43323 | ||
| 003 | ES-MaACL | ||
| 005 | 20260128063028.0 | ||
| 007 | t| | ||
| 008 | 030317s1876 sp c 00110 spa d | ||
| 080 | _a017.1(460.27 M.) | ||
| 100 |
_aReal Academia de Jurisprudencia y Legislación de España _9217612 |
||
| 245 | 1 | 0 |
_aCatálogo sistemático de las obras existentes en la Biblioteca de la Academia de Jurisprudencia y Legislación / _cformado por Manuel Torres Campos. |
| 260 |
_aMadrid : _b[s.n.], _c1876 ( _fImp. del Ministerio de Gracia y Justicia) |
||
| 300 |
_aXIX, 205 p. ; _c20 cm. |
||
| 530 | _aDisponible en formato digital. | ||
| 610 | 2 | 4 |
_aReal Academia de Jurisprudencia y Legislación de España. _bBiblioteca. _9176154 |
| 700 | 1 |
_aTorres Campos, Manuel. _9110934 |
|
| 852 | 4 |
_aES-MaACL _jB-5715 |
|
| 856 | 4 |
_uhttp://bdh-rd.bne.es/viewer.vm?id=0000107790&page=1 _zBiblioteca Digital Hispánica |
|
| 999 |
_c43323 _d43323 |
||